Normal view
MARC view
Entry Topical Term
001 - CONTROL NUMBER
- control field: 169292
003 - CONTROL NUMBER IDENTIFIER
- control field: OSt
005 - DATE AND TIME OF LATEST TRANSACTION
- control field: 20240605093323.0
008 - FIXED-LENGTH DATA ELEMENTS
- fixed length control field: 240605|| aca||aabn | a|a d
040 ## - CATALOGING SOURCE
- Original cataloging agency: OSt
- Transcribing agency: OSt
150 ## - HEADING--TOPICAL TERM
- Topical term or geographic name entry element: Hindi Drama
670 ## - SOURCE DATA FOUND
- Source citation: Work cat.: (OSt)148503: VIDHYALANKAR (C) विद्यालंकार सी 169290, Ashoka